000 00822na a2200265 4500
001 13814
003 MIRAKIL
005 20181213154847.0
008 160821b tu 000 0
035 _a13814
040 _aMilas
_btur
_cTR-AnCHP
082 _a923.7 Velidedeoğlu,H.V.
_bV34m 1983
090 _a923.7 Velidedeoğlu,H.V. V34m 1983
100 _aVelidedeoğlu, Hıfzı Veldet
_d1904-1992
245 _aMilli mücadele anılarım
_cHıfzı Veldet Velidedeoğlu
250 _a2 bs.
260 _aİstanbul
_bHil Yayın
_c1983
300 _a215 s.
_c19 sm.
500 _aİçindekiler bölümü sondadır.
600 _aVelidedeoğlu, Hıfzı Veldet
_d1904-1992
_eAnılar
650 _aÖğretim üyeleri
_xAnılar
650 _aTBMM
_eAnılar
650 _aKurtuluş Savaşı
_eAnılar
942 _2ddc
_cBKS
999 _c2153
_d2153